[Event "Extraliga 2018/2019"]
[Site "?"]
[Date "2018.11.03"]
[Round "1.8"]
[White "TES9 Kawulok Marek  2215"]
[Black "UNB11 Slampa Jan  2231"]
[Result "0-1"]
[BlackElo "2231"]
[WhiteElo "2215"]
[LiveChessVersion "1.4.8"]

1. e4 {[%clk 1:30:57]} c5 {[%clk 1:30:21]} 2. Nf3 {[%clk 1:31:22]} e6
{[%clk 1:30:47]} 3. d4 {[%clk 1:31:44]} cxd4 {[%clk 1:31:12]} 4. Nxd4
{[%clk 1:32:11]} Nc6 {[%clk 1:31:31]} 5. Nc3 {[%clk 1:32:30]} a6 {[%clk 1:31:52]}
6. Be2 {[%clk 1:31:40]} d6 {[%clk 1:31:40]} 7. O-O {[%clk 1:31:35]} Nf6
{[%clk 1:31:53]} 8. Be3 {[%clk 1:31:32]} Be7 {[%clk 1:32:04]} 9. f4
{[%clk 1:31:00]} O-O {[%clk 1:32:10]} 10. Kh1 {[%clk 1:30:14]} Bd7
{[%clk 1:26:30]} 11. Qe1 {[%clk 1:27:59]} Rc8 {[%clk 1:25:16]} 12. Qg3
{[%clk 1:21:47]} b5 {[%clk 1:15:23]} 13. a3 {[%clk 1:07:56]} Na5 {[%clk 1:10:56]}
14. e5 {[%clk 0:51:46]} Ne8 {[%clk 1:06:35]} 15. f5 {[%clk 0:48:45]} dxe5
{[%clk 0:59:34]} 16. fxe6 {[%clk 0:47:40]} exd4 {[%clk 0:56:11]} 17. exd7
{[%clk 0:48:00]} Qxd7 {[%clk 0:56:21]} 18. Rad1 {[%clk 0:44:16]} Bd6
{[%clk 0:56:34]} 19. Rxd4 {[%clk 0:43:25]} Nc6 {[%clk 0:44:12]} 20. Rd2
{[%clk 0:41:19]} Qe6 {[%clk 0:39:26]} 21. Bf4 {[%clk 0:38:08]} Bxf4
{[%clk 0:29:43]} 22. Qxf4 {[%clk 0:38:32]} Ne5 {[%clk 0:29:18]} 23. Rd5
{[%clk 0:33:19]} f6 {[%clk 0:28:44]} 24. Rfd1 {[%clk 0:32:08]} Nc7
{[%clk 0:21:11]} 25. Rd6 {[%clk 0:31:23]} Qe7 {[%clk 0:21:01]} 26. Qd4
{[%clk 0:28:52]} Qf7 {[%clk 0:16:25]} 27. Bd3 {[%clk 0:21:36]} Ne6
{[%clk 0:11:45]} 28. Qd5 {[%clk 0:21:06]} Nc5 {[%clk 0:08:40]} 29. Bf5
{[%clk 0:19:18]} Qxd5 {[%clk 0:06:59]} 30. Nxd5 {[%clk 0:18:45]} Ra8
{[%clk 0:05:41]} 31. b4 {[%clk 0:14:15]} Na4 {[%clk 0:04:38]} 32. Nc7
{[%clk 0:14:27]} Nb2 {[%clk 0:04:10]} 33. Nxa8 {[%clk 0:10:45]} Nxd1
{[%clk 0:04:32]} 34. Nc7 {[%clk 0:11:11]} Ne3 {[%clk 0:04:07]} 35. Be6+
{[%clk 0:11:37]} Kh8 {[%clk 0:04:31]} 36. Rxa6 {[%clk 0:11:43]} Rd8
{[%clk 0:03:22]} 37. h3 {[%clk 0:11:37]} h5 {[%clk 0:03:06]} 38. Nxb5
{[%clk 0:07:04]} Rd1+ {[%clk 0:02:14]} 39. Kh2 {[%clk 0:07:29]} Rd2
{[%clk 0:02:40]} 40. Kg3 {[%clk 0:02:34]} g5 {[%clk 0:03:06]} 41. Bd5
{[%clk 0:25:17]} Nf1# 0-1